| 000 | 00000nam##2200000za#4500 |
| 001 | 9.642134 |
| 003 | CaOODSP |
| 005 | 20210624223545 |
| 007 | cr ||||||||||| |
| 008 | 150407|1998||||xxc|||||o f|0| 0 fre|d |
| 040 | |aCaOODSP|bfre |
| 043 | |an-cn--- |
| 086 | 1 |aRH64-79/1998F-PDF |
| 110 | 1 |aCanada.|bDéveloppement des ressources humaines Canada. |bPolitique stratégique. |
| 245 | 10|aIntervention rapide de formation et d'adaptation (IRFA) programme des initiatives stratégiques - rapport sommaire / |h[ressource électronique]|c[par] Évaluation et développement des données. |
| 260 | |aOttawa - Ontario : |bDéveloppement des ressources humaines Canada. |cFévrier 1998. |
| 300 | |a80p.|bfigure |
| 590 | |a13-16-Supp|b2013-07-12 |
| 691 | 07|aMarché du travail|2gcpds |
| 775 | 08|tQuick Response Training and Adjustment (QRTA) Strategic Initiatives program - summary report / |w(CaOODSP)9.698140 |
| 856 | 40|ahttp://publications.gc.ca|qPDF|s171 Ko|uhttps://publications.gc.ca/collections/collection_2013/rhdcc-hrsdc/RH64-79-1998-fra.pdf |
| 986 | |aSP-AH067E-02-98 |